000 00291nam a2200121Ia 4500
008 190216s9999||||xx |||||||||||||| ||und||
100 _aVailoppilli Sreedhara Menon
245 0 _aKadal Kkakkakal
260 _bNational Book Stall
_c1964
300 _a99p
650 _aKavithkal
942 _cBK
999 _c25957
_d25957